Les annulations de dette des pays pauvres (Registro nro. 36525)
[ vista simple ]
| 000 -CABECERA | |
|---|---|
| Longitud fija campo de control | 00899naa a2200265 c 4500 |
| 001 - NÚMERO DE CONTROL | |
| Número de control | 36525 |
| 003 - IDENTIFICADOR DE NÚMERO DE CONTROL | |
| Identificador del número de control | ES-MaCES |
| 005 - FECHA Y HORA DE LA ÚLTIMA TRANSACCIÓN | |
| Fecha y hora de la última transacción | 20141221114143.0 |
| 008 - CAMPO FIJO DE DESCRIPCIÓN FIJA--INFORMACIÓN GENERAL | |
| Códigos de información de longitud fija | 060522n2006 fr t 000 | fre d |
| 035 ## - NÚMERO DE CONTROL DEL SISTEMA | |
| Número de control del sistema | CES20060007939v |
| 040 ## - FUENTE DE CATALOGACIÓN | |
| Centro catalogador de origen | ES-MaCES |
| Lengua de catalogación | spa |
| Centro transcriptor | ES-MaCES |
| 100 1# - ENCABEZAMIENTO PRINCIPAL--NOMBRE PERSONAL | |
| Nombre de persona | Alby, Stéphane |
| 9 (RLIN) | 5821 |
| 245 14 - MENCIÓN DE TÍTULO | |
| Título | Les annulations de dette des pays pauvres |
| Resto del título | : pour quels résultats |
| Mención de responsabilidad, etc. | Stéphane Alby, Gaëlle Letilly |
| 650 #4 - ASIENTO SECUNDARIO DE MATERIA--TÉRMINO DE MATERIA | |
| Término de materia o nombre geográfico como elemento inicial | financiación |
| 9 (RLIN) | 28125 |
| 650 #4 - ASIENTO SECUNDARIO DE MATERIA--TÉRMINO DE MATERIA | |
| Término de materia o nombre geográfico como elemento inicial | lucha contra la pobreza |
| 9 (RLIN) | 30648 |
| 650 #4 - ASIENTO SECUNDARIO DE MATERIA--TÉRMINO DE MATERIA | |
| Término de materia o nombre geográfico como elemento inicial | país en desarrollo |
| 9 (RLIN) | 27092 |
| 650 #4 - ASIENTO SECUNDARIO DE MATERIA--TÉRMINO DE MATERIA | |
| Término de materia o nombre geográfico como elemento inicial | deuda pública |
| 9 (RLIN) | 28075 |
| 650 #4 - ASIENTO SECUNDARIO DE MATERIA--TÉRMINO DE MATERIA | |
| Término de materia o nombre geográfico como elemento inicial | deuda externa |
| 9 (RLIN) | 28159 |
| 653 10 - TÉRMINO DE INDEXACIÓN--NO CONTROLADO | |
| Término no controlado | Economía |
| 700 1# - ENCABEZAMIENTO SECUNDARIO--NOMBRE PERSONAL | |
| Nombre de persona | Letilly, Gaëlle |
| 9 (RLIN) | 16537 |
| 773 0# - ENTRADA DE DOCUMENTO FUENTE | |
| Título | Conjoncture |
| Parte(s) relacionada(s) | nº 3 (mars 2006){55/913 R. 064179}; p. 16-27 |
| Número de control del registro relacionado | (ES-MaCES)25878 |
| Itemnumber del ítem fuente | 76656 |
| 902 ## - CES. TIPO DE DOCUMENTO | |
| Tipodoc (006$c Sirtex) | ART Artículo de revista |
| 942 ## - ELEMENTOS KOHA | |
| Fuente de clasificaión o esquema | Clasificación propia del CES |
| Koha [por defecto] tipo de item | Artículos (1982-2017) |
| Parte de clasificación | 0.0. |
No hay ítems disponibles.
